Statistics for Florida Panthers Starting Lineup 2017-2018 Season

Click here to take the quiz!

General Stats

  • This quiz has been taken 10 times
  • The average score is 14 of 23

Answer Stats

PositionPlayerAgeBirthplace% Correct
CAleksander Barkov22Tampere, Finland
89%
GJames Reimer29Morweena, Manitoba
89%
LWJonathan Huberdeau24Saint-Jerome, Quebec
89%
GRoberto Luongo38Montreal, Quebec
89%
DAaron Ekblad21Windsor, Ontario
78%
CVincent Trocheck24Pittsburgh, Pennsylvania
78%
LW/CDenis Malgin20Olten, Switzerland
67%
RWEvgenii Dadonov28Chelyabinsk, Russia
67%
DMike Matheson23Montreal, Quebec
67%
DAlex Petrovic25Edmonton, Alberta
56%
CDerek MacKenzie36Sudbury, Ontario
56%
DKeith Yandle31Boston, Massachusetts
56%
CNick Bjugstad25Minneapolis, Minnesota
56%
LWOwen Tippett18Peterborough, Ontario
56%
RWColton Sceviour28Red Deer, Alberta
44%
LWConnor Brickley25Everett, Massachusetts
44%
DIan McCoshen22Faribault, Minnesota
44%
LWJamie McGinn29Fergus, Ontario
44%
DMark Pysyk25Edmonton, Alberta
44%
CMicheal Haley31Oshawa, Ontario
44%
RWRadim Vrbata36Mlada Boleslav, Czech Republic
44%
RW/CJared McCann21Stratford, Ontario
33%
DMacKenzie Weegar23Nepean, Ontario
33%

Score Distribution

Percentile by Number Answered

Percent of People with Each Score

Your Score History

You have not taken this quiz